000 00436nam a22001577a 4500
082 _a425
_bWRE
_cL-29 P-25.
100 _aWren, P.C.
_932403
245 _aHigh school english grammar and composition
_cP.C. Wren
250 _a55th ed.
260 _aBombay
_bBombay k. & j. cooper
_c1963
300 _axii, 652p. :
526 _a0
_b0
_c0
_d425_000000000000000_WRE
650 _aMCE
_9379
700 _aH. Martin
_938880
942 _2ddc
_cBK
999 _c543501
_d543501